Schwierige Geschichtsfagen - Statistiken

Allgemein
  • Dieses Quiz wurde 155 mal gespielt
  • Das Durchschnittsergebnis liegt bei 7 aus 15
Antwortstatistiken
Frage Antwort % Korrekt
Wie viele Thesen nagelte er an 95
71%
Welches Land bezeichnet sich seit ca.1350 als Eidgenossenschaft Schweiz
68%
Wer war die zweite Person auf dem Mond Buzz Aldrin
67%
Wer war der Revolutionsführer der Oktoberrevolution Wladimir Iljitsch Lenin
66%
Wo wurde Napoleon ins Exil geschickt Elba
61%
Was löste den 30-jährigen Krieg aus Prager Fenstersturz
61%
Welches Land kolonialisierte zuerst Teile Indiens Portugal
59%
In welcher Stadt wurde der Buchdruck von Guttenberg erfunden Mainz
50%
Wann nagelte Luther die Thesen an 1517
42%
Wie viele Jahre ging der 100-jährige Krieg 116
41%
Wie bezeichnet man die bezeichnet die Epoche der deutschen Geschichte zwischen der Julirevolution von 1830 und der Märzrevolution von 1848 Vormärz
29%
Wie nennt sich die Epoche nach den Napoleonischen Kriegen Restauration
15%
Wann begann der irische Unabhängigkeitskrieg 1919
13%
An welchem Tag wurde die erste Atombombe der Welt auf Hiroshima abgeworfen 6 August
12%
Wer kämpfte im Krieg von 1812 (Land vs. Land) USA vs. England
4%
Keine übereinstimmenden Quizze gefunden
Verteilung der Resultate
Anzahl Personen mit jedem Resultat
Perzentil nach korrekt beantworteten Fragen
Ihre Resultats-Entwicklung
Sie haben dieses Quiz noch nicht gespielt